[Event "MMaS 2014, Kouty nad Desnou"]
[Site "?"]
[Date "2014.10.25"]
[Round "2"]
[White "Demko, Robert"]
[Black "Koci, Tomas"]
[Result "1/2-1/2"]
[WhiteElo "1665"]
[BlackElo "1414"]
[Annotator ",Katka"]
[PlyCount "62"]
[EventDate "2014.??.??"]

1. d4 d5 2. c4 c6 3. Nc3 Nf6 4. cxd5 cxd5 5. Nf3 g6 6. Bf4 Bg7 7. e3 O-O 8. Bd3
Bf5 9. Bxf5 gxf5 10. Qb3 Qd7 11. Ne5 Qc8 12. Nxd5 Nxd5 13. Qxd5 e6 14. Qb3 Nd7
15. Nxd7 Qxd7 16. O-O Rac8 17. Rac1 b6 18. Rfd1 Rfd8 19. h3 Kh8 20. Rc3 Rxc3
21. Qxc3 Rc8 22. Qd2 Rd8 23. Bg3 Qd5 24. b3 e5 25. Qe2 exd4 26. exd4 Kg8 27.
Bf4 Bxd4 28. Be3 Qe4 29. Qc4 Bf6 30. Rxd8+ Bxd8 31. Qxe4 fxe4 1/2-1/2

[Event "MMaS 2014, Kouty nad Desnou"]
[Site "?"]
[Date "2014.10.25"]
[Round "2"]
[White "Krajicek, Filip"]
[Black "Krejca, Jakub"]
[Result "1/2-1/2"]
[WhiteElo "1629"]
[BlackElo "1887"]
[Annotator ",Katka"]
[PlyCount "68"]
[EventDate "2014.??.??"]

1. d4 e6 2. Nf3 d5 3. Bf4 Nf6 4. e3 Be7 5. Bd3 O-O 6. O-O Nbd7 7. c3 b6 8. Nbd2
Bb7 9. Re1 c5 10. Qb1 Re8 11. Ne5 h6 12. Ndf3 Nxe5 13. Bxe5 Nd7 14. Bg3 Bf6 15.
Bb5 a6 16. Bxd7 Qxd7 17. Ne5 Bxe5 18. Bxe5 f6 19. Bg3 Qf7 20. Qd1 e5 21. Qd2
Rac8 22. Rad1 Kh8 23. a3 g5 24. h3 h5 25. Kh1 Rg8 26. Rc1 Rce8 27. Kg1 a5 28.
Kh1 h4 29. Bh2 g4 30. e4 Qg6 31. hxg4 dxe4 32. dxe5 Re7 33. Qd6 Qxg4 34. Qxf6+
Reg7 1/2-1/2

[Event "MMaS 2014, Kouty nad Desnou"]
[Site "?"]
[Date "2014.10.25"]
[Round "1"]
[White "Koci, Tereza"]
[Black "Hronek, Stepan"]
[Result "1-0"]
[WhiteElo "1655"]
[BlackElo "1703"]
[PlyCount "97"]
[EventDate "2014.??.??"]

1. Nf3 Nc6 2. d4 d5 3. c4 e6 4. cxd5 exd5 5. Nc3 Nf6 6. Bg5 Be7 7. e3 O-O 8.
Be2 Re8 9. O-O Bf5 10. a3 Ne4 11. Bxe7 Rxe7 12. Nxe4 dxe4 13. Nd2 Rd7 14. Bg4
Bxg4 15. Qxg4 g6 16. Qxe4 Nxd4 17. Nf3 Nxf3+ 18. Qxf3 c6 19. Rad1 Rc8 20. Qg4
Rxd1 21. Rxd1 Qc7 22. Rd7 Qb6 23. Qc4 Rf8 24. b4 a5 25. bxa5 Qxa5 26. Rxb7 Qxa3
27. Rc7 Qa1+ 28. Qf1 Qc3 29. g3 Ra8 30. Qe2 Ra1+ 31. Kg2 Ra8 32. Qf3 Rf8 33.
Rxc6 Qa5 34. Rf6 Qd8 35. Qc6 Kg7 36. Rd6 Qa8 37. Qxa8 Rxa8 38. Rd4 Re8 39. e4
Re7 40. f4 Kh6 41. Kf3 Kh5 42. Rd5+ Kh6 43. g4 f6 44. h4 Kg7 45. Rd6 Kf7 46. g5
Re6 47. Rxe6 Kxe6 48. Kg4 fxg5 49. Kxg5 1-0

[Event "MMaS 2014, Kouty nad Desnou"]
[Site "?"]
[Date "2014.10.25"]
[Round "2"]
[White "Mrkus, Frantisek"]
[Black "Marko, Daniel"]
[Result "1-0"]
[WhiteElo "1757"]
[BlackElo "1622"]
[PlyCount "71"]
[EventDate "2014.??.??"]
[SourceDate "2014.10.25"]

1. e4 c5 2. Nf3 d6 3. d4 cxd4 4. Nxd4 Nf6 5. Nc3 a6 6. Bg5 e6 7. f4 Be7 8. Qf3
h6 9. Bh4 Nbd7 10. O-O-O Qc7 11. g4 g5 12. fxg5 Ne5 13. Qg3 Nfxg4 14. gxh6 Bxh4
15. Qxh4 Rxh6 16. Qg3 b6 17. Be2 Nf6 18. Qg7 Rg6 19. Qh8+ Ke7 20. Rhf1 Bb7 21.
Qh4 Rag8 22. Bxa6 Bxa6 23. Rxf6 Rxf6 24. Nf5+ Kf8 25. Qxf6 exf5 26. Qh6+ Rg7
27. Nd5 Qd8 28. Qh8+ Rg8 29. Qh6+ Rg7 30. Nf6 Ng6 31. e5 Be2 32. Rxd6 Qa8 33.
c3 Qh1+ 34. Kc2 Nxe5 35. Nh7+ Ke7 36. Qf6+ 1-0

[Event "MMaS 2014, Kouty nad Desnou"]
[Site "?"]
[Date "2014.10.25"]
[Round "1"]
[White "Kocí, Tomáš"]
[Black "Vanìk, Tomáš"]
[Result "1-0"]
[WhiteElo "1414"]
[BlackElo "1147"]
[PlyCount "43"]
[EventDate "2014.??.??"]
[SourceDate "2014.10.25"]

1. d4 d5 2. Nf3 Nf6 3. e3 e6 4. Bd3 Nc6 5. a3 Bd6 6. b3 O-O 7. Bb2 e5 8. dxe5
Bg4 9. exf6 Be5 10. Bxh7+ Kxh7 11. Qd3+ g6 12. Nxe5 d4 13. Nxg4 Qd5 14. O-O Qg5
15. h3 Rfe8 16. exd4 Re6 17. Nd2 Rae8 18. Nf3 Qd5 19. c4 Qd6 20. Ng5+ Kg8 21.
Nh6+ Kf8 22. Nh7# 1-0

[Event "MMaS 2014, Kouty nad Desnou"]
[Site "?"]
[Date "2014.10.26"]
[Round "3"]
[White "Koci, Tomas"]
[Black "Nemec, David"]
[Result "1-0"]
[WhiteElo "1559"]
[BlackElo "1414"]
[PlyCount "51"]
[EventDate "2014.??.??"]
[SourceDate "2014.10.26"]

1. d4 d5 2. Nf3 Nf6 3. e3 e6 4. Bd3 Be7 5. b3 O-O 6. Bb2 c5 7. O-O Nc6 8. Nbd2
Nd7 9. Qe2 Bf6 10. c4 cxd4 11. Nxd4 (11. exd4) 11... Nb4 12. N2f3 (12. Bb1 Re8
13. a3 Nc6 14. Bd3) 12... Nxd3 (12... e5) 13. Qxd3 e5 14. Nb5 e4 15. Bxf6 Nxf6
16. Qe2 Bg4 17. Nbd4 exf3 18. Nxf3 dxc4 19. Qxc4 Bxf3 20. gxf3 Qd5 21. Rac1
Qxf3 22. Rc2 Rad8 23. Rcc1 Ng4 24. Qc7 Rd2 25. Qg3 Qxg3+ 26. fxg3 1-0

[Event "MMaS 2014, Kouty nad Desnou"]
[Site "?"]
[Date "2014.10.26"]
[Round "3"]
[White "Zajicek, Tomas"]
[Black "Straka, Vojtech"]
[Result "1/2-1/2"]
[WhiteElo "1942"]
[BlackElo "1728"]
[Annotator ",Katka"]
[PlyCount "56"]
[EventDate "2014.??.??"]
[SourceDate "2014.10.26"]

1. e4 e5 2. Nf3 Nc6 3. Bc4 Be7 4. d4 d6 5. h3 Nf6 6. Nc3 O-O 7. O-O a6 8. a3
exd4 9. Nxd4 Nxd4 10. Qxd4 b5 11. Bb3 c5 12. Qd1 c4 13. Ba2 Bb7 14. Re1 Re8 15.
b3 Qc7 16. bxc4 bxc4 17. Bf4 Qc6 18. a4 d5 19. exd5 Nxd5 20. Nxd5 Qxd5 21. Qxd5
Bxd5 22. Re5 Be6 23. Rae1 Kf8 24. R5e4 Rac8 25. Bc1 Bb4 26. R1e2 Bf5 (26...
Red8 27. Bf4 Rd1+ 28. Kh2 Bd5 29. R4e3 f6 30. c3 Bc5 31. Re1 Rxe1 32. Rxe1) 27.
Rxe8+ Rxe8 28. Rxe8+ Kxe8 1/2-1/2

[Event "MMaS 2014, Kouty nad Desnou"]
[Site "?"]
[Date "2014.10.26"]
[Round "3"]
[White "Marko, Daniel"]
[Black "Dumek, David"]
[Result "1-0"]
[WhiteElo "1620"]
[BlackElo "1360"]
[PlyCount "185"]
[EventDate "2014.??.??"]
[SourceDate "2014.10.26"]

1. e4 e5 2. Nf3 Nc6 3. Bb5 Bc5 4. O-O d6 5. h3 Bd7 6. c3 Nf6 7. Re1 O-O 8. d3
h6 9. Be3 Bxe3 10. fxe3 Qc8 11. Nbd2 a6 12. Ba4 Re8 13. Kh2 Ne7 14. Bxd7 Qxd7
15. d4 Ng6 16. d5 b5 17. Rc1 Rac8 18. c4 c5 19. Qc2 b4 20. Nf1 Nf8 21. Ng3 g6
22. Rf1 Kg7 23. Qf2 N8h7 24. Nd2 Rg8 25. Qf3 Qe7 26. Rf2 Ng5 27. Qe2 Ngh7 28.
Rcf1 Qd7 29. Nf3 Rcf8 30. Kg1 Qe7 31. Nh2 h5 32. Nf3 Ne8 33. Nd2 Nef6 34. Qd3
Qd7 35. a3 a5 36. Nb3 Qa4 37. axb4 axb4 38. Ra1 Qd7 39. Na5 Ra8 40. Rff1 Ra6
41. Nc6 Rxa1 42. Rxa1 Rc8 43. Nh1 Ng5 44. Nf2 Ng8 45. Qb1 h4 46. Na7 Ra8 47.
Nb5 Rxa1 48. Qxa1 Nf6 49. Qb1 Qd8 50. Kf1 Kf8 51. Ke1 Ke7 52. Ke2 Qa5 53. b3
Kd7 54. Kd2 Ke7 55. Kc1 Kd7 56. Kb2 Ke7 57. Qd3 Kd7 58. Qe2 Ke7 59. Qe1 Kd7 60.
Ng4 Nxg4 (60... Nfxe4) 61. Qxh4 Nxe3 62. Qxg5 Nd1+ 63. Kc2 Nc3 64. Nxc3 bxc3
65. Qg4+ Ke7 66. Qf3 Qa2+ 67. Kxc3 Qa1+ 68. Kc2 Qa2+ 69. Kd1 Qb1+ 70. Ke2 Qc2+
71. Kf1 Qc1+ 72. Kf2 Qd2+ 73. Kg1 Qe1+ 74. Kh2 Qh4 75. Qd3 Qf4+ 76. Kg1 Qc1+
77. Kf2 Qf4+ 78. Qf3 Qh4+ 79. Kg1 Qe1+ 80. Kh2 Qh4 81. g3 Qg5 82. h4 Qh5 83.
Qxh5 gxh5 84. g4 hxg4 85. Kg3 Kf6 86. Kxg4 Kg6 87. h5+ Kh6 88. Kh4 f6 89. Kg4
Kh7 90. Kf5 Kh6 91. Kxf6 Kxh5 92. Ke6 Kg4 93. Kxd6 1-0

[Event "MMaS 2014, Kouty nad Desnou"]
[Site "?"]
[Date "2014.10.26"]
[Round "4"]
[White "Jurasek, Vojtech"]
[Black "Zitny, Michal"]
[Result "1-0"]
[WhiteElo "1722"]
[BlackElo "1654"]
[Annotator ",Katka"]
[PlyCount "77"]
[EventDate "2014.??.??"]
[SourceDate "2014.10.26"]

1. d4 Nf6 2. Nf3 g6 3. c4 Bg7 4. Nc3 d5 5. Bf4 Bf5 6. e3 O-O 7. Be2 c6 8. O-O
Nbd7 9. Rc1 dxc4 10. Bxc4 Nb6 11. Bb3 Nbd5 12. Be5 Nxc3 13. bxc3 e6 (13... Rc8
14. Bc2 Be6 15. Bd3 Qa5 16. Ng5 Bd7 17. Qb3) 14. Nh4 Ne4 15. Bxg7 Kxg7 16.
Nxf5+ gxf5 17. f3 Nd6 18. Bc2 Qg5 19. Qe1 Nc4 20. f4 Qh5 21. Bd1 Qg6 22. Rf3
Kh8 23. Rg3 Qh6 24. Rh3 Qg6 25. Bh5 Qg7 26. Bf3 Nd6 27. Qd2 Rg8 28. c4 Rad8 29.
c5 Nb5 30. Rb1 Rb8 31. Qe1 Nc7 32. Qh4 Nd5 33. Bxd5 exd5 34. Rg3 Qf8 35. Qf6+
Rg7 36. a4 b6 37. a5 b5 38. Qe5 a6 39. Rxg7 1-0

[Event "MMaS 2014, Kouty nad Desnou"]
[Site "?"]
[Date "2014.10.26"]
[Round "4"]
[White "Suchanek, Hanus"]
[Black "Koci, Tomas"]
[Result "1-0"]
[WhiteElo "1310"]
[BlackElo "1414"]
[Annotator ",Katka"]
[PlyCount "59"]
[EventDate "2014.??.??"]
[SourceDate "2014.10.26"]

1. e4 e6 2. d4 d5 3. Nd2 Nf6 (3... c5 4. exd5 exd5 5. Bb5+ Nc6 6. Ngf3 Bd6 7.
dxc5 Bxc5 8. O-O Nge7 9. Nb3 Bb6) 4. Bd3 (4. e5) 4... c5 5. dxc5 Bxc5 6. Ngf3
Nc6 7. O-O O-O 8. Re1 dxe4 (8... Ng4 9. Re2 f5) 9. Nxe4 Nxe4 10. Bxe4 Qb6 11.
Qe2 Nd4 12. Nxd4 Bxd4 13. c3 Bc5 14. b4 Be7 15. Qh5 g6 16. Qf3 Rd8 (16... f5)
17. Bb2 Rb8 (17... a5 18. a3 f5 19. Bc2 Bf6 20. Qe2 axb4 21. axb4 Rxa1 22. Bxa1
h5) 18. a3 Bd7 19. c4 Bc6 20. Qc3 f6 21. Qf3 Rd7 (21... e5 22. c5 Qa6 23. Qb3+
Kf8 24. f4 Bxe4 25. Rxe4 Rd3) 22. Bxc6 bxc6 (22... Qxc6 23. Qxc6 bxc6 24. Rxe6
c5) 23. Rxe6 Rbd8 24. g3 Rf8 25. Qxc6 Qxc6 26. Rxc6 Kf7 27. Re1 Rd2 28. Rc7 Re8
29. Ba1 Rd3 30. Rxa7 1-0

[Event "MMaS 2014, Kouty nad Desnou"]
[Site "?"]
[Date "2014.10.26"]
[Round "?"]
[White "Koci, Tereza"]
[Black "Zgarba, Radek"]
[Result "0-1"]
[WhiteElo "1655"]
[BlackElo "1624"]
[PlyCount "91"]
[EventDate "2014.??.??"]
[SourceDate "2014.10.26"]

1. Nf3 Nf6 2. d4 d5 3. c4 c6 4. Nc3 e6 5. Bg5 h6 6. Bh4 Be7 7. e3 Nbd7 8. Qc2
O-O 9. Bd3 dxc4 10. Bxc4 b5 11. Bd3 Bb7 12. O-O a6 13. Bxf6 Nxf6 14. Ne4 Nd5
15. a3 Rc8 16. Nc5 Bxc5 17. dxc5 a5 18. Bh7+ Kh8 19. Rfd1 g6 20. Bxg6 fxg6 21.
Ne5 Qg5 22. Nxg6+ Kg7 23. Nxf8 Rxf8 24. Re1 e5 25. Qe4 Bc8 26. f3 Qf6 27. Qc2
Kh8 28. Rad1 Rg8 29. Qf2 Bh3 30. g3 Rf8 31. f4 e4 32. Rd4 Qg6 33. b4 a4 34. Qb2
Kh7 35. Qc2 Re8 36. Qf2 h5 37. Kh1 Bg4 38. Kg2 Bf3+ 39. Kf1 Qg4 40. Rc1 Qh3+
41. Ke1 Rg8 42. Kd2 Rg6 43. Kc2 Nf6 44. Kb1 Nd5 45. Rg1 h4 46. Qc2 0-1

[Event "MMaS 2014, Kouty nad Desnou"]
[Site "?"]
[Date "2014.10.26"]
[Round "?"]
[White "Koci, Tereza"]
[Black "Zgarba, Radek"]
[Result "0-1"]
[WhiteElo "1655"]
[BlackElo "1624"]
[Annotator ",Katka"]
[PlyCount "91"]
[EventDate "2014.??.??"]
[SourceDate "2014.10.26"]

1. Nf3 Nf6 2. d4 d5 3. c4 c6 4. Nc3 e6 5. Bg5 h6 6. Bh4 Be7 7. e3 Nbd7 8. Qc2
O-O 9. Bd3 dxc4 10. Bxc4 b5 11. Bd3 Bb7 12. O-O a6 13. Bxf6 Nxf6 14. Ne4 Nd5
15. a3 Rc8 16. Nc5 Bxc5 17. dxc5 a5 18. Bh7+ Kh8 19. Rfd1 g6 20. Bxg6 fxg6 21.
Ne5 Qg5 22. Nxg6+ Kg7 23. Nxf8 Rxf8 24. Re1 (24. e4 Nf4 25. f3 Rf7 26. Rd6 h5
27. b4 axb4 28. axb4 Kh6 29. Rad1 Rg7 30. Kh1 h4 31. Rd7 Rxd7 32. Rxd7 Bc8 33.
Rd6 Qg7 34. g3) 24... e5 25. Qe4 Bc8 26. f3 Qf6 27. Qc2 Kh8 28. Rad1 Rg8 29.
Qf2 Bh3 30. g3 Rf8 31. f4 (31. e4) 31... e4 32. Rd4 Qg6 33. b4 a4 34. Qb2 Kh7
35. Qc2 Re8 36. Qf2 h5 37. Kh1 Bg4 38. Kg2 Bf3+ 39. Kf1 Qg4 40. Rc1 Qh3+ 41.
Ke1 Rg8 42. Kd2 Rg6 43. Kc2 Nf6 44. Kb1 (44. Rd6) 44... Nd5 45. Rg1 h4 46. Qc2
0-1

[Event "MMaS 2014, Kouty nad Desnou"]
[Site "?"]
[Date "2014.10.26"]
[Round "?"]
[White "Kokrda, Stanislav"]
[Black "Koci , Terreza"]
[Result "1-0"]
[WhiteElo "1335"]
[BlackElo "1655"]
[Annotator ",Katka"]
[PlyCount "33"]
[EventDate "2014.??.??"]
[SourceDate "2014.10.26"]

1. e4 c5 2. Nf3 e6 3. c4 d5 (3... a6 4. Nc3 Qc7 5. d4 cxd4 6. Nxd4 Nf6 7. Be2
d6 8. O-O Be7 9. f4 Nbd7 10. Be3 O-O 11. Qe1 b6 12. Rd1 Bb7 13. Kh1 Rac8 14.
Bf3 Rfe8) 4. exd5 exd5 5. d4 Nf6 6. Nc3 Bg4 7. Be2 cxd4 8. Nxd4 Bxe2 9. Qxe2+
Qe7 10. Qxe7+ Bxe7 11. Ndb5 Na6 12. cxd5 O-O 13. O-O Rfd8 14. Rd1 Nb4 15. Nc7
Rac8 16. d6 Bf8 17. Bf4 1-0

[Event "MMaS 2014, Kouty nad Desnou"]
[Site "?"]
[Date "2014.10.26"]
[Round "4"]
[White "Straka, Vojtech"]
[Black "Sedlak, Jiri"]
[Result "1-0"]
[WhiteElo "1728"]
[BlackElo "1700"]
[PlyCount "61"]
[EventDate "2014.??.??"]
[SourceDate "2014.10.26"]

1. e4 c5 2. Nf3 e6 3. d4 cxd4 4. Nxd4 Nc6 5. Nc3 Nf6 6. Be3 Bb4 7. Nxc6 bxc6 8.
Bd3 d5 9. exd5 cxd5 10. O-O O-O 11. Nb5 Bb7 12. c3 Be7 13. Nxa7 e5 14. Nb5 d4
15. cxd4 Qd5 16. f3 Rfc8 17. Nc3 Qc6 18. dxe5 Ng4 19. Bb5 Nxe3 20. Bxc6 Nxd1
21. Bxb7 Bc5+ 22. Kh1 Nf2+ 23. Rxf2 Bxf2 24. Bxa8 Rxa8 25. g3 Rb8 26. Rd1 Kf8
27. b3 Ke7 28. Kg2 Bc5 29. Nd5+ Ke6 30. Nc7+ Kxe5 31. Rd5+ 1-0

[Event "MMaS 2014, Kouty nad Desnou"]
[Site "?"]
[Date "2014.10.26"]
[Round "4"]
[White "Horvath, Tomas"]
[Black "Marko, Daniel"]
[Result "1/2-1/2"]
[WhiteElo "1720"]
[BlackElo "1620"]
[PlyCount "108"]
[EventDate "2014.??.??"]
[SourceDate "2014.10.26"]

1. e4 c5 2. Nf3 d6 3. d4 cxd4 4. Qxd4 Nc6 5. Bb5 Bd7 6. Bxc6 Bxc6 7. c4 Nf6 8.
Nc3 g6 9. O-O Bg7 10. Qd3 O-O 11. Bg5 Rc8 12. Rac1 a6 13. Rfd1 Nd7 14. b4 b6
15. h3 Re8 16. Nd5 Bb2 17. Rb1 Ne5 18. Nxe5 Bxe5 19. f4 Bg7 20. Rbc1 Bxd5 21.
Qxd5 Qc7 22. f5 Qc6 23. fxg6 hxg6 24. Be3 Qxd5 25. cxd5 b5 26. Rc6 Rxc6 27.
dxc6 Rc8 (27... Bc3 28. Bd2 Bd4+ 29. Kf1 Rc8 30. Rc1 Kf8) 28. Rc1 Kf8 29. Bb6
Ke8 30. Kf2 e6 31. Ke2 Ke7 32. Kd3 e5 33. c7 Kd7 34. Rf1 Ke6 35. a4 f5 36. axb5
axb5 37. Ra1 fxe4+ 38. Kxe4 d5+ 39. Ke3 Bf8 (39... Bh6+ 40. Ke2 d4 41. Ra7 Bf8
42. Ra6 Kd7 43. Ba5 Bd6 44. Kf3) 40. Ra6 Kd7 41. Ba5 Bd6 42. h4 Bxc7 (42...
Bxc7) 43. Rxg6 Bxa5 44. bxa5 b4 45. a6 b3 46. Rb6 Ra8 (46... Rc3+ 47. Ke2 Kc7
48. Rb7+ Kd6 49. a7 Rc2+ 50. Kd3 e4+ 51. Ke3 Ra2 52. Kd4) 47. h5 b2 48. Rxb2
Rxa6 49. g4 Ke7 50. Rb5 (50. g5 Ra3+ 51. Kf2 Rh3 52. Rb7+ Ke6) 50... Ra3+ 51.
Kf2 Kf6 52. Rxd5 Kg5 53. Rxe5+ Kxg4 54. h6 Rh3 1/2-1/2

[Event "MMaS 2014, Kouty nad Desnou"]
[Site "?"]
[Date "2014.10.26"]
[Round "4"]
[White "Trcalek, David"]
[Black "Krajicek, Filip"]
[Result "1/2-1/2"]
[WhiteElo "1774"]
[BlackElo "1627"]
[PlyCount "44"]
[EventDate "2014.??.??"]

1. e4 c5 2. Nf3 e6 3. d4 cxd4 4. Nxd4 a6 5. Bd3 Qc7 6. O-O Nf6 7. Qe2 d6 8. Kh1
Be7 9. Nc3 Nbd7 10. f4 b6 11. Bd2 Bb7 12. Rae1 O-O 13. e5 Nd5 (13... dxe5 14.
fxe5 Ne8 15. Nb3 b5 16. Rf4 Rd8) 14. Nxd5 Bxd5 15. Bxh7+ Kxh7 16. Qh5+ (16. b3)
16... Kg8 17. Re3 f6 (17... Qc4 18. Rd3 Be4 19. b3 Bxd3 20. bxc4 Bxf1) 18. Rh3
Qc4 (18... Qc4 19. Qh8+ Kf7 20. Qh5+ g6 21. Qh7+ Ke8 22. Qxg6+ Rf7 23. Rd3) 19.
Qh7+ Kf7 20. Qh5+ Kg8 21. Qh7+ Kf7 22. Qh5+ Kg8 (22... g6 23. Qh7+ Ke8 24. Rd3
dxe5 25. b3 Qc5 26. Qxg6+ Rf7 27. Ne2) 1/2-1/2

[Event "MMaS 2014, Kouty nad Desnou"]
[Site "?"]
[Date "2014.10.26"]
[Round "4"]
[White "Jurasek, Vojtech"]
[Black "Zitny, Michal"]
[Result "1-0"]
[WhiteElo "1722"]
[BlackElo "1654"]
[Annotator ",Katka"]
[PlyCount "77"]
[EventDate "2014.??.??"]
[SourceDate "2014.10.26"]

1. d4 Nf6 2. Nf3 g6 3. c4 Bg7 4. Nc3 d5 5. Bf4 Bf5 6. e3 O-O 7. Be2 c6 8. O-O
Nbd7 9. Rc1 dxc4 10. Bxc4 Nb6 11. Bb3 Nbd5 12. Be5 Nxc3 13. bxc3 e6 (13... Rc8
14. Bc2 Be6 15. Bd3 Qa5 16. Ng5 Bd7 17. Qb3) 14. Nh4 Ne4 15. Bxg7 Kxg7 16.
Nxf5+ gxf5 17. f3 Nd6 18. Bc2 Qg5 19. Qe1 Nc4 20. f4 Qh5 21. Bd1 Qg6 22. Rf3
Kh8 23. Rg3 Qh6 24. Rh3 Qg6 25. Bh5 Qg7 26. Bf3 Nd6 27. Qd2 Rg8 28. c4 Rad8 29.
c5 Nb5 30. Rb1 Rb8 31. Qe1 Nc7 32. Qh4 Nd5 33. Bxd5 cxd5 34. Rg3 Qf8 35. Qf6+
Rg7 36. a4 b6 37. a5 b5 38. Qe5 a6 39. Rxg7 1-0

[Event "MMaS 2014, Kouty nad Desnou"]
[Site "?"]
[Date "2014.10.27"]
[Round "5"]
[White "Marko, Daniel"]
[Black "Rakusan, Miroslav"]
[Result "1-0"]
[WhiteElo "1620"]
[BlackElo "1790"]
[PlyCount "117"]
[EventDate "2014.??.??"]
[SourceDate "2014.10.27"]

1. e4 Nf6 2. Nc3 d5 3. e5 Nfd7 4. d4 e6 5. Nce2 c5 6. c3 Nc6 7. Nf3 Qb6 8. a3
cxd4 9. cxd4 Be7 10. Nc3 a6 11. b4 (11. Be3 f6 12. exf6 Bxf6 13. Be2) 11... f6
12. exf6 Nxf6 13. Bd3 O-O 14. O-O Bd6 15. Bg5 (15. Be3 Qc7 16. Rc1) 15... Bd7
16. Rc1 Be8 17. Re1 (17. Qe2 Nd8 18. Bd2) 17... Bf7 18. Bh4 Rae8 19. Bg3 (19.
Na4 Qa7 20. Bxf6 gxf6 21. Qd2 Kg7 22. Nc5) 19... Bxg3 20. hxg3 Bh5 21. Na4 Bxf3
(21... Qa7) 22. Nxb6 Bxd1 23. Rcxd1 Nxd4 24. Bxh7+ Kxh7 25. Rxd4 e5 26. Rd2 d4
27. Nc4 Nd7 28. Rde2 Rf5 29. Nd6 Ref8 30. Nxf5 Rxf5 31. Rc1 Nf6 32. f3 Nd5 33.
Rc5 Ne3 34. g4 Rg5 35. Kf2 (35. Re1 b5 36. Kf2 Nc4 37. Rc6 Kg8 38. Rxa6) 35...
Kg6 36. Rc7 e4 37. Rxb7 Rd5 38. Rxe3 dxe3+ 39. Kxe3 Rd3+ 40. Kxe4 Rxa3 41. g3
Rb3 42. Kf4 Kf6 43. Rb6+ Kf7 44. g5 g6 45. Kg4 Kg7 46. f4 Kf7 47. f5 gxf5+ 48.
Kxf5 Kg7 49. Rxa6 (49. Rb7+ Kg8 50. Kf6 Rxg3 51. Ra7 Rf3+ 52. Kg6 Rf8 53. Rxa6)
49... Rxb4 50. Ra7+ Kg8 51. Kg6 Rb6+ 52. Kh5 Rb1 53. Kh6 Rb2 54. Ra8+ Kf7 55.
g6+ Kf6 56. Rf8+ Ke7 57. g7 Rh2+ 58. Kg6 Rg2 59. g8=Q 1-0

[Event "MMaS 2014, Kouty nad Desnou"]
[Site "?"]
[Date "2014.10.28"]
[Round "6"]
[White "Jelinek, Jindrich"]
[Black "Marko, Daniel"]
[Result "0-1"]
[WhiteElo "1550"]
[BlackElo "1620"]
[PlyCount "86"]
[EventDate "2014.??.??"]
[SourceDate "2014.10.28"]

1. d4 d5 2. Nf3 Nf6 3. Bf4 e6 4. e3 c5 5. c3 Nc6 6. Bd3 Bd6 7. Bg3 b6 8. Nbd2
Bb7 9. O-O Bxg3 10. hxg3 O-O 11. Qe2 Qc7 12. Rad1 e5 13. dxe5 Nxe5 14. Nxe5
Qxe5 15. Nf3 Qc7 16. Rfe1 Rad8 17. Bc2 Rfe8 18. Ba4 Bc6 19. Bxc6 Qxc6 20. Qc2
h6 21. Qf5 Qe6 22. Qxe6 Rxe6 23. Kf1 Kf8 24. Ke2 Ke7 25. Kd3 Ng4 26. Re2 Ne5+
27. Nxe5 Rxe5 28. Red2 Re6 29. Ke2 Red6 30. Kf3 Ke6 31. Kf4 a6 32. g4 f6 33. a4
g5+ 34. Kg3 Ke5 35. f4+ Ke4 36. c4 R8d7 37. b3 Rd8 38. b4 dxc4 39. Rxd6 Rxd6
40. Rxd6 c3 41. Rd1 (41. bxc5 gxf4+ 42. exf4 c2 43. Re6+ Kd3 44. Re1 bxc5 45.
Rf1 Kd2 46. Kf3 c1=Q 47. Rxc1 Kxc1 48. Ke4 Kc2 49. Kd5 Kb3 50. Kxc5 Kxa4 51. f5
a5 52. Kc4 Ka3 53. Kc3 a4 54. g3 Ka2 55. Kc2 a3 56. g5 hxg5 57. g4) 41... gxf4+
42. exf4 cxb4 43. Rd6 c2 0-1

[Event "MMaS 2014, Kouty nad Desnou"]
[Site "?"]
[Date "2014.10.28"]
[Round "7"]
[White "Sedlak, Jiri"]
[Black "Marko, Daniel"]
[Result "1/2-1/2"]
[WhiteElo "1702"]
[BlackElo "1620"]
[PlyCount "44"]
[EventDate "2014.??.??"]
[SourceDate "2014.10.28"]

1. e4 c5 2. Nf3 d6 3. d4 cxd4 4. Nxd4 Nf6 5. Nc3 a6 6. Be2 e6 7. Be3 Be7 8. O-O
O-O 9. f4 Nbd7 10. Bf3 Qc7 11. g4 Rb8 12. g5 Ne8 13. a4 b6 14. Bg2 Nc5 15. Rf3
f6 16. f5 e5 17. Nb3 fxg5 18. Nd5 Qd8 19. Rg3 h6 20. Qh5 Nf6 21. Nxf6+ Bxf6 22.
Rd1 Qe8 1/2-1/2

[Event "MMaS 2014, Kouty nad Desnou"]
[Site "?"]
[Date "2014.10.28"]
[Round "7"]
[White "Winkler, David"]
[Black "Koci, Tereza"]
[Result "1/2-1/2"]
[WhiteElo "1286"]
[BlackElo "1655"]
[PlyCount "64"]
[EventDate "2014.??.??"]
[SourceDate "2014.10.28"]

1. e4 c5 2. Nc3 e6 3. Nf3 a6 4. g3 Qc7 5. Bg2 d6 6. O-O Nf6 7. Re1 Nc6 8. d3
Be7 9. Bf4 O-O 10. e5 dxe5 11. Bxe5 Nxe5 12. Nxe5 Rb8 13. a4 Bd6 14. Nc4 b6 15.
Ne4 Nxe4 16. Bxe4 Bb7 17. Bxb7 Rxb7 18. Nxd6 Qxd6 19. b3 Rfb8 20. Qf3 Rd7 21.
Red1 Qd4 22. Qc6 g6 23. a5 Qd6 24. Qxd6 Rxd6 25. axb6 Rbxb6 26. Re1 Kf8 27. Re4
Rd4 28. Ra4 Rxe4 29. Rxe4 Ke7 30. Kg2 Kd6 31. Kf3 f5 32. Rc4 Rb4 1/2-1/2

[Event "MMaS 2014, Kouty nad Desnou"]
[Site "?"]
[Date "2014.10.27"]
[Round "5"]
[White "Zitny, Michal"]
[Black "Dejmal, Ondrej"]
[Result "1-0"]
[WhiteElo "1654"]
[BlackElo "1501"]
[PlyCount "103"]
[EventDate "2014.??.??"]

1. c4 e6 2. Nc3 Nf6 3. d4 d5 4. cxd5 exd5 5. Bg5 Bb4 6. Qc2 Bg4 7. e3 c6 8. Bd3
Nbd7 9. Nge2 Qc7 10. O-O Bd6 11. Bf4 O-O 12. Nb5 cxb5 13. Qxc7 Bxc7 14. Bxc7
Rac8 15. Rac1 a6 16. Ng3 Rfe8 17. h3 Be6 18. Rc2 g6 19. Rfc1 Kg7 20. Kf1 h6 21.
a3 h5 22. Bf4 Nb6 23. b3 Rxc2 24. Rxc2 Rc8 25. Rxc8 Bxc8 26. Ne2 Ne4 27. Ke1
Kf6 28. f3 Ng5 29. Bc7 Nd7 30. Bd8+ Ke6 31. Bxg5 f6 32. Bf4 g5 33. Bh2 f5 34.
Kd2 Kf6 35. Ng3 Nf8 36. Nxh5+ Kg6 37. Ng3 Nh7 38. Ne2 Nf6 39. Be5 Nd7 40. Bc7
Nf6 41. Bd8 Nd7 42. Nc3 Nf6 43. Bxf6 Kxf6 44. Nxd5+ Ke6 45. Nc3 Kd6 46. e4 fxe4
47. Bxe4 Ke6 48. Nd5 Kd6 49. Ne3 b6 50. b4 a5 51. Kd3 Bd7 52. Nd5 1-0